[Event "Team Championship Russia (Rapid, Men)"]
[Site "Sochi"]
[Date "2018.10.08"]
[Round "4.9"]
[White "Artemiev, Vladislav"]
[Black "Rakhmanov, Aleksandr"]
[Result "1/2-1/2"]
[BlackElo "2688"]
[WhiteElo "2764"]
[LiveChessVersion "1.4.8"]

1. d4 {[%clk 0:15:16]} d5 {[%clk 0:15:14]} 2. c4 {[%clk 0:15:24]} e6
{[%clk 0:15:22]} 3. Nf3 {[%clk 0:15:31]} a6 {[%clk 0:15:30]} 4. b3
{[%clk 0:15:12]} Nf6 {[%clk 0:14:55]} 5. e3 {[%clk 0:15:15]} dxc4
{[%clk 0:14:32]} 6. bxc4 {[%clk 0:14:00]} c5 {[%clk 0:14:34]} 7. Bd3
{[%clk 0:14:08]} cxd4 {[%clk 0:14:42]} 8. exd4 {[%clk 0:14:17]} Bb4+
{[%clk 0:14:23]} 9. Nbd2 {[%clk 0:12:10]} O-O {[%clk 0:14:05]} 10. Bb2
{[%clk 0:11:50]} b5 {[%clk 0:14:05]} 11. c5 {[%clk 0:10:42]} Bxc5
{[%clk 0:14:09]} 12. Bxh7+ {[%clk 0:10:46]} Nxh7 {[%clk 0:13:36]} 13. dxc5
{[%clk 0:10:54]} Nc6 {[%clk 0:13:17]} 14. Ne4 {[%clk 0:07:23]} Qxd1+
{[%clk 0:10:59]} 15. Rxd1 {[%clk 0:07:31]} f6 {[%clk 0:11:07]} 16. Rd6
{[%clk 0:07:07]} Na5 {[%clk 0:09:15]} 17. Nfd2 {[%clk 0:06:51]} Bb7
{[%clk 0:05:45]} 18. f3 {[%clk 0:06:07]} Bd5 {[%clk 0:05:36]} 19. Nc3
{[%clk 0:03:23]} Rfd8 {[%clk 0:05:27]} 20. O-O {[%clk 0:01:56]} Rxd6
{[%clk 0:04:55]} 21. cxd6 {[%clk 0:02:05]} Rd8 {[%clk 0:04:37]} 22. Ba3
{[%clk 0:02:14]} Nb7 {[%clk 0:04:22]} 23. Nde4 {[%clk 0:01:43]} Bxe4
{[%clk 0:03:41]} 24. Nxe4 {[%clk 0:01:52]} a5 {[%clk 0:03:38]} 25. Nc5
{[%clk 0:01:57]} Nxc5 {[%clk 0:03:46]} 26. Bxc5 {[%clk 0:02:05]} Nf8
{[%clk 0:03:44]} 27. Rb1 {[%clk 0:01:39]} b4 {[%clk 0:02:29]} 28. Bb6
{[%clk 0:00:39]} Rxd6 {[%clk 0:02:34]} 29. Bxa5 {[%clk 0:00:48]} Ra6
{[%clk 0:02:22]} 30. Bxb4 {[%clk 0:00:56]} Rxa2 {[%clk 0:02:30]} 1/2-1/2

[Event "Team Championship Russia (Rapid, Men)"]
[Site "Sochi"]
[Date "2018.10.08"]
[Round "4.11"]
[White "Timofeev, Artyom"]
[Black "Moiseenko, Vadim"]
[Result "1/2-1/2"]
[BlackElo "2577"]
[WhiteElo "2636"]
[LiveChessVersion "1.4.8"]

1. c4 {[%clk 0:15:18]} b6 {[%clk 0:15:18]} 2. Nc3 {[%clk 0:15:19]} Bb7
{[%clk 0:15:27]} 3. e3 {[%clk 0:14:52]} g6 {[%clk 0:15:19]} 4. Nf3
{[%clk 0:14:59]} Bg7 {[%clk 0:15:28]} 5. d4 {[%clk 0:15:03]} Nf6 {[%clk 0:15:35]}
6. Be2 {[%clk 0:15:03]} d5 {[%clk 0:15:36]} 7. O-O {[%clk 0:14:46]} O-O
{[%clk 0:13:41]} 8. Bd2 {[%clk 0:14:46]} Nbd7 {[%clk 0:13:28]} 9. b4
{[%clk 0:14:43]} dxc4 {[%clk 0:13:14]} 10. Bxc4 {[%clk 0:14:51]} c5
{[%clk 0:13:23]} 11. bxc5 {[%clk 0:14:36]} bxc5 {[%clk 0:13:31]} 12. Rb1
{[%clk 0:14:44]} Nb6 {[%clk 0:11:29]} 13. Be2 {[%clk 0:14:47]} cxd4
{[%clk 0:11:30]} 14. Nxd4 {[%clk 0:14:49]} Ne4 {[%clk 0:11:25]} 15. Nxe4
{[%clk 0:14:33]} Bxe4 {[%clk 0:11:34]} 16. Rc1 {[%clk 0:14:22]} Qd7
{[%clk 0:09:41]} 17. Bb5 {[%clk 0:13:33]} Qb7 {[%clk 0:08:06]} 18. Bc6
{[%clk 0:13:37]} Bxc6 {[%clk 0:08:14]} 19. Nxc6 {[%clk 0:13:45]} Rac8
{[%clk 0:08:17]} 20. Qf3 {[%clk 0:13:43]} Rc7 {[%clk 0:08:26]} 21. Na5
{[%clk 0:12:37]} Qxf3 {[%clk 0:08:32]} 22. gxf3 {[%clk 0:12:45]} Rfc8
{[%clk 0:07:33]} 23. Rxc7 {[%clk 0:12:52]} Rxc7 {[%clk 0:07:40]} 24. Rc1
{[%clk 0:13:01]} Rd7 {[%clk 0:07:26]} 25. Bb4 {[%clk 0:13:01]} Bf6
{[%clk 0:07:16]} 26. Nc6 {[%clk 0:12:54]} Kg7 {[%clk 0:07:24]} 27. Bc5
{[%clk 0:10:57]} Na4 {[%clk 0:07:21]} 28. Bd4 {[%clk 0:09:09]} Rc7
{[%clk 0:07:01]} 29. Bxf6+ {[%clk 0:09:14]} Kxf6 {[%clk 0:07:05]} 30. f4
{[%clk 0:09:20]} Nb6 {[%clk 0:06:33]} 31. e4 {[%clk 0:08:58]} Nd7
{[%clk 0:05:59]} 32. Rc4 {[%clk 0:07:54]} Nb6 {[%clk 0:04:36]} 33. Rc2
{[%clk 0:08:01]} g5 {[%clk 0:04:28]} 34. e5+ {[%clk 0:06:09]} Kg6
{[%clk 0:04:37]} 35. f5+ {[%clk 0:06:17]} Kg7 {[%clk 0:04:33]} 36. Kg2
{[%clk 0:06:14]} Nd7 {[%clk 0:03:42]} 37. Rc4 {[%clk 0:06:16]} h5
{[%clk 0:03:23]} 38. Na5 {[%clk 0:05:35]} Rxc4 {[%clk 0:03:26]} 39. Nxc4
{[%clk 0:05:43]} e6 {[%clk 0:03:34]} 40. fxe6 {[%clk 0:05:33]} fxe6
{[%clk 0:03:43]} 41. Kf3 {[%clk 0:05:42]} Nc5 {[%clk 0:03:41]} 42. Ke3
{[%clk 0:05:44]} Kg6 {[%clk 0:03:50]} 43. Kd4 {[%clk 0:05:48]} Nd7
{[%clk 0:03:54]} 44. Ke4 {[%clk 0:03:45]} g4 {[%clk 0:04:02]} 45. Kf4
{[%clk 0:03:46]} Nc5 {[%clk 0:04:11]} 46. a3 {[%clk 0:02:54]} a6 {[%clk 0:04:14]}
47. Nb2 {[%clk 0:02:21]} Kh6 {[%clk 0:03:28]} 48. Nc4 {[%clk 0:02:20]} Nd3+
{[%clk 0:03:10]} 49. Ke3 {[%clk 0:02:29]} Ne1 {[%clk 0:03:19]} 50. Kf4
{[%clk 0:02:33]} Kg6 {[%clk 0:03:16]} 51. a4 {[%clk 0:02:30]} Nd3+
{[%clk 0:03:18]} 52. Ke3 {[%clk 0:02:37]} Nc5 {[%clk 0:03:27]} 53. a5
{[%clk 0:02:14]} Kf5 {[%clk 0:03:36]} 54. f3 {[%clk 0:02:22]} gxf3
{[%clk 0:03:35]} 55. Kxf3 {[%clk 0:02:31]} Nd3 {[%clk 0:03:38]} 56. Kg3
{[%clk 0:02:31]} Nxe5 {[%clk 0:03:39]} 57. Nd6+ {[%clk 0:02:35]} Kg6
{[%clk 0:03:25]} 58. Ne4 {[%clk 0:02:29]} Nd3 {[%clk 0:03:12]} 59. Kf3
{[%clk 0:02:22]} Kf5 {[%clk 0:03:05]} 60. Ke3 {[%clk 0:02:04]} Nb4
{[%clk 0:03:14]} 61. Nc5 {[%clk 0:02:07]} e5 {[%clk 0:03:16]} 62. Kf3
{[%clk 0:02:11]} h4 {[%clk 0:02:38]} 63. h3 {[%clk 0:02:08]} Nc6 {[%clk 0:02:47]}
64. Nxa6 {[%clk 0:02:17]} e4+ {[%clk 0:02:25]} 65. Ke3 {[%clk 0:01:37]} Nxa5
{[%clk 0:02:34]} 66. Nb4 {[%clk 0:01:30]} Ke5 {[%clk 0:02:29]} 67. Kf2
{[%clk 0:01:04]} Nc4 {[%clk 0:02:03]} 68. Nc6+ {[%clk 0:00:56]} Kf4
{[%clk 0:02:10]} 69. Ne7 {[%clk 0:00:53]} e3+ {[%clk 0:01:18]} 70. Ke2
{[%clk 0:01:02]} Kg3 {[%clk 0:01:27]} 71. Nf5+ {[%clk 0:01:11]} Kxh3
{[%clk 0:01:32]} 72. Kf3 {[%clk 0:01:20]} e2 {[%clk 0:00:41]} 73. Kxe2
{[%clk 0:01:28]} Kg4 {[%clk 0:00:50]} 74. Nxh4 {[%clk 0:01:37]} Ne3
{[%clk 0:00:59]} 75. Kxe3 {[%clk 0:01:45]} Kxh4 {[%clk 0:01:08]} 76. Ke4 1/2-1/2

[Event "Team Championship Russia (Rapid, Men)"]
[Site "Sochi"]
[Date "2018.10.08"]
[Round "4.14"]
[White "Vastrukhin, Oleg"]
[Black "Lysyj, Igor"]
[Result "1/2-1/2"]
[BlackElo "2644"]
[WhiteElo "2574"]
[LiveChessVersion "1.4.8"]

1. g3 {[%clk 0:15:18]} d5 {[%clk 0:15:18]} 2. Nf3 {[%clk 0:15:27]} c6
{[%clk 0:15:27]} 3. Bg2 {[%clk 0:15:36]} Bg4 {[%clk 0:15:35]} 4. Ne5
{[%clk 0:15:44]} Bf5 {[%clk 0:15:42]} 5. d4 {[%clk 0:15:53]} Nd7 {[%clk 0:15:43]}
6. O-O {[%clk 0:16:01]} Ngf6 {[%clk 0:15:48]} 7. c4 {[%clk 0:16:10]} e6
{[%clk 0:15:56]} 8. Nc3 {[%clk 0:16:14]} Be7 {[%clk 0:15:56]} 9. Qb3
{[%clk 0:16:21]} Qb6 {[%clk 0:16:02]} 10. Nxd7 {[%clk 0:16:29]} Nxd7
{[%clk 0:16:09]} 11. e4 {[%clk 0:16:38]} dxe4 {[%clk 0:16:06]} 12. Nxe4
{[%clk 0:16:47]} Nf6 {[%clk 0:14:55]} 13. Nc5 {[%clk 0:16:47]} Bxc5
{[%clk 0:12:17]} 14. dxc5 {[%clk 0:16:56]} Qxb3 {[%clk 0:12:26]} 15. axb3
{[%clk 0:17:04]} Be4 {[%clk 0:12:24]} 16. Bf4 {[%clk 0:16:33]} Bxg2
{[%clk 0:12:11]} 17. Kxg2 {[%clk 0:16:42]} O-O {[%clk 0:11:43]} 18. Rfd1
{[%clk 0:16:23]} a6 {[%clk 0:11:39]} 19. Kf3 {[%clk 0:16:28]} Rfd8
{[%clk 0:11:35]} 20. Bg5 {[%clk 0:15:56]} Kf8 {[%clk 0:09:32]} 21. b4
{[%clk 0:16:02]} Ke7 {[%clk 0:09:00]} 22. h4 {[%clk 0:14:54]} h6 {[%clk 0:07:33]}
23. Bxf6+ {[%clk 0:15:02]} gxf6 {[%clk 0:07:27]} 24. Kg4 {[%clk 0:14:59]} f5+
{[%clk 0:06:22]} 25. Kh5 {[%clk 0:13:34]} Kf6 {[%clk 0:06:15]} 26. Rxd8
{[%clk 0:09:55]} Rxd8 {[%clk 0:06:24]} 27. b5 {[%clk 0:10:05]} axb5
{[%clk 0:04:29]} 28. cxb5 {[%clk 0:10:12]} f4 {[%clk 0:02:24]} 29. b4
{[%clk 0:08:51]} fxg3 {[%clk 0:01:53]} 30. fxg3 {[%clk 0:09:00]} cxb5
{[%clk 0:01:55]} 31. Ra5 {[%clk 0:08:39]} Kg7 {[%clk 0:01:17]} 32. Rxb5
{[%clk 0:08:27]} Rd7 {[%clk 0:01:27]} 33. Rb6 {[%clk 0:08:19]} Re7
{[%clk 0:01:23]} 34. Kg4 {[%clk 0:08:24]} f5+ {[%clk 0:01:28]} 35. Kf4
{[%clk 0:08:05]} Kf6 {[%clk 0:01:37]} 36. g4 {[%clk 0:07:25]} fxg4
{[%clk 0:01:39]} 37. Kxg4 {[%clk 0:07:34]} Kg6 {[%clk 0:01:21]} 38. Kf4
{[%clk 0:07:19]} Kf6 {[%clk 0:01:18]} 39. Ke4 {[%clk 0:06:36]} Rg7
{[%clk 0:01:18]} 40. Kf4 {[%clk 0:05:14]} h5 {[%clk 0:01:09]} 41. Ke4
{[%clk 0:05:05]} Rg4+ {[%clk 0:00:49]} 42. Kd3 {[%clk 0:05:13]} Rg7
{[%clk 0:00:58]} 43. Kc4 {[%clk 0:03:46]} Kf5 {[%clk 0:01:06]} 44. b5
{[%clk 0:03:49]} e5 {[%clk 0:00:47]} 45. c6 {[%clk 0:03:22]} bxc6
{[%clk 0:00:52]} 46. Rxc6 {[%clk 0:03:02]} Rg1 {[%clk 0:00:22]} 47. b6
{[%clk 0:02:37]} Rb1 {[%clk 0:00:23]} 48. Kc5 {[%clk 0:02:44]} e4
{[%clk 0:00:27]} 49. Rh6 {[%clk 0:02:52]} Kg4 {[%clk 0:00:31]} 50. Re6
{[%clk 0:03:01]} Kf3 {[%clk 0:00:27]} 51. Rf6+ {[%clk 0:02:29]} Kg3
{[%clk 0:00:31]} 52. Rf5 {[%clk 0:02:26]} Kxh4 {[%clk 0:00:27]} 53. Rf4+
{[%clk 0:02:35]} Kg3 {[%clk 0:00:24]} 54. Rxe4 {[%clk 0:02:44]} h4
{[%clk 0:00:28]} 55. Rb4 {[%clk 0:02:53]} Rxb4 {[%clk 0:00:34]} 56. Kxb4
{[%clk 0:03:02]} h3 {[%clk 0:00:43]} 57. b7 {[%clk 0:03:11]} h2 {[%clk 0:00:52]}
58. b8=Q+ {[%clk 0:03:18]} Kg2 {[%clk 0:01:00]} 59. Qg8+ {[%clk 0:02:57]} Kh1
{[%clk 0:00:45]} 60. Qd5+ {[%clk 0:03:05]} Kg1 {[%clk 0:00:54]} 61. Qg5+
{[%clk 0:03:11]} Kh1 {[%clk 0:01:00]} 62. Qh4 {[%clk 0:03:15]} Kg2
{[%clk 0:01:04]} 63. Qxh2+ {[%clk 0:03:08]} Kxh2 1/2-1/2

[Event "Team Championship Russia (Rapid, Men)"]
[Site "Sochi"]
[Date "2018.10.08"]
[Round "4.16"]
[White "Oganian, Miran"]
[Black "Gutenev, Alexander"]
[Result "1-0"]
[BlackElo "2463"]
[WhiteElo "2450"]
[LiveChessVersion "1.4.8"]

1. d4 {[%clk 0:15:19]} Nf6 {[%clk 0:15:19]} 2. c4 {[%clk 0:15:27]} g6
{[%clk 0:15:27]} 3. Nc3 {[%clk 0:15:36]} d5 {[%clk 0:15:35]} 4. Bg5
{[%clk 0:15:44]} Ne4 {[%clk 0:15:42]} 5. Bh4 {[%clk 0:15:28]} Nxc3
{[%clk 0:15:51]} 6. bxc3 {[%clk 0:15:36]} dxc4 {[%clk 0:15:59]} 7. e3
{[%clk 0:15:44]} Be6 {[%clk 0:16:08]} 8. Be2 {[%clk 0:15:41]} Bg7
{[%clk 0:14:51]} 9. Nh3 {[%clk 0:15:48]} O-O {[%clk 0:14:32]} 10. Nf4
{[%clk 0:15:53]} Bf5 {[%clk 0:13:48]} 11. Bxc4 {[%clk 0:15:57]} Qd6
{[%clk 0:13:44]} 12. Qb3 {[%clk 0:13:25]} Nc6 {[%clk 0:10:42]} 13. Qxb7
{[%clk 0:07:58]} Rab8 {[%clk 0:10:35]} 14. Qa6 {[%clk 0:07:56]} Nxd4
{[%clk 0:09:28]} 15. Qxd6 {[%clk 0:06:15]} Nc2+ {[%clk 0:09:35]} 16. Ke2
{[%clk 0:05:04]} exd6 {[%clk 0:07:40]} 17. Rac1 {[%clk 0:04:46]} Rb2
{[%clk 0:05:14]} 18. Kf3 {[%clk 0:03:33]} Re8 {[%clk 0:04:27]} 19. Nd3
{[%clk 0:01:44]} Be4+ {[%clk 0:04:36]} 20. Kg3 {[%clk 0:01:47]} Bxd3
{[%clk 0:04:09]} 21. Bxd3 {[%clk 0:01:56]} Nxe3 {[%clk 0:03:36]} 22. Rhe1
{[%clk 0:01:58]} Be5+ {[%clk 0:03:04]} 23. Kf3 {[%clk 0:01:35]} Nd5
{[%clk 0:02:55]} 24. Bc4 {[%clk 0:01:30]} Nb6 {[%clk 0:02:42]} 25. Bb3
{[%clk 0:01:30]} a5 {[%clk 0:02:18]} 26. Re4 {[%clk 0:01:10]} Kf8
{[%clk 0:01:40]} 27. Bg5 {[%clk 0:01:10]} Kg7 {[%clk 0:01:03]} 28. Rc2
{[%clk 0:00:53]} Rxc2 {[%clk 0:01:06]} 29. Bxc2 {[%clk 0:01:02]} f5
{[%clk 0:01:01]} 30. Re1 {[%clk 0:00:38]} Nd5 {[%clk 0:00:43]} 31. c4
{[%clk 0:00:38]} Nb4 {[%clk 0:00:52]} 32. Bb1 {[%clk 0:00:33]} Nc6
{[%clk 0:01:01]} 33. g3 {[%clk 0:00:34]} Rb8 {[%clk 0:01:01]} 34. c5
{[%clk 0:00:29]} dxc5 {[%clk 0:00:26]} 35. Bd3 {[%clk 0:00:30]} Bd4
{[%clk 0:00:29]} 36. Bf4 {[%clk 0:00:20]} Rb2 {[%clk 0:00:32]} 37. Re2
{[%clk 0:00:20]} Rxe2 {[%clk 0:00:30]} 38. Kxe2 {[%clk 0:00:29]} Be5
{[%clk 0:00:27]} 39. Be3 {[%clk 0:00:32]} Bd6 {[%clk 0:00:33]} 40. Bb5
{[%clk 0:00:33]} Nb4 {[%clk 0:00:32]} 41. Bc4 {[%clk 0:00:37]} Kf6
{[%clk 0:00:29]} 42. Bd2 {[%clk 0:00:44]} Nc6 {[%clk 0:00:33]} 43. Bd5
{[%clk 0:00:43]} Nd4+ {[%clk 0:00:31]} 44. Kd3 {[%clk 0:00:52]} c6
{[%clk 0:00:35]} 45. Bg8 {[%clk 0:00:55]} a4 {[%clk 0:00:35]} 46. Bc3
{[%clk 0:01:02]} Kg7 {[%clk 0:00:34]} 47. Be6 {[%clk 0:00:54]} Be5
{[%clk 0:00:38]} 48. Bd7 {[%clk 0:00:59]} Bf6 {[%clk 0:00:40]} 49. Kc4
{[%clk 0:01:06]} Be7 {[%clk 0:00:41]} 50. Bxc6 {[%clk 0:01:09]} a3
{[%clk 0:00:44]} 51. Bd5 {[%clk 0:01:08]} Kf8 {[%clk 0:00:48]} 52. Ba5
{[%clk 0:01:08]} Ne2 {[%clk 0:00:30]} 53. Bd2 {[%clk 0:00:53]} Bd6
{[%clk 0:00:32]} 54. Kd3 {[%clk 0:00:48]} Nd4 {[%clk 0:00:34]} 55. Bc1
{[%clk 0:00:54]} f4 {[%clk 0:00:30]} 56. Kc4 {[%clk 0:00:16]} Ne2
{[%clk 0:00:28]} 57. Bxa3 {[%clk 0:00:21]} fxg3 {[%clk 0:00:18]} 58. hxg3
{[%clk 0:00:30]} Ke7 {[%clk 0:00:19]} 59. Bb2 {[%clk 0:00:19]} h5
{[%clk 0:00:20]} 60. a4 {[%clk 0:00:27]} Nd4 {[%clk 0:00:15]} 61. a5
{[%clk 0:00:29]} Bb8 {[%clk 0:00:11]} 62. a6 {[%clk 0:00:22]} Ba7
{[%clk 0:00:20]} 63. Ba3 {[%clk 0:00:22]} Kd6 {[%clk 0:00:29]} 64. Bf7
{[%clk 0:00:29]} Nc6 {[%clk 0:00:20]} 65. f4 {[%clk 0:00:35]} Ne7
{[%clk 0:00:15]} 66. Bb2 {[%clk 0:00:22]} Nf5 {[%clk 0:00:15]} 67. Bxg6
{[%clk 0:00:16]} Nxg3 {[%clk 0:00:24]} 68. Be5+ {[%clk 0:00:21]} Ke6
{[%clk 0:00:33]} 69. Bc7 {[%clk 0:00:18]} h4 {[%clk 0:00:38]} 70. Be8
{[%clk 0:00:14]} h3 {[%clk 0:00:36]} 71. Bc6 {[%clk 0:00:12]} h2 {[%clk 0:00:43]}
72. Kb5 {[%clk 0:00:12]} c4 {[%clk 0:00:45]} 73. Bb6 {[%clk 0:00:12]} Bb8
{[%clk 0:00:22]} 74. Kxc4 {[%clk 0:00:14]} h1=Q {[%clk 0:00:28]} 75. Bxh1
{[%clk 0:00:19]} Nxh1 {[%clk 0:00:37]} 76. f5+ {[%clk 0:00:24]} Kxf5
{[%clk 0:00:13]} 77. Kd5 {[%clk 0:00:34]} Ng3 {[%clk 0:00:20]} 78. Bc7
{[%clk 0:00:12]} Bxc7 {[%clk 0:00:12]} 79. a7 {[%clk 0:00:21]} Ne4
{[%clk 0:00:12]} 80. a8=Q {[%clk 0:00:20]} Nf6+ {[%clk 0:00:19]} 81. Kc6
{[%clk 0:00:27]} Be5 {[%clk 0:00:26]} 82. Qc8+ {[%clk 0:00:27]} Ke4
{[%clk 0:00:18]} 83. Qe6 {[%clk 0:00:33]} Kd4 {[%clk 0:00:20]} 84. Qf5
{[%clk 0:00:40]} Ne4 {[%clk 0:00:17]} 85. Qg4 {[%clk 0:00:26]} 1-0

[Event "Team Championship Russia (Rapid, Men)"]
[Site "Sochi"]
[Date "2018.10.08"]
[Round "4.18"]
[White "Bocharov, Dmitry"]
[Black "Sergeyev, Alexander"]
[Result "1-0"]
[BlackElo "2363"]
[WhiteElo "2568"]
[LiveChessVersion "1.4.8"]

1. c4 {[%clk 0:15:17]} c6 {[%clk 0:15:18]} 2. Nf3 {[%clk 0:15:10]} d5
{[%clk 0:15:25]} 3. e3 {[%clk 0:15:14]} Nf6 {[%clk 0:15:33]} 4. Nc3
{[%clk 0:15:22]} g6 {[%clk 0:15:37]} 5. d4 {[%clk 0:15:28]} Bg7 {[%clk 0:15:45]}
6. Bd3 {[%clk 0:15:33]} O-O {[%clk 0:15:52]} 7. h3 {[%clk 0:15:41]} Nbd7
{[%clk 0:13:10]} 8. O-O {[%clk 0:15:48]} a6 {[%clk 0:11:33]} 9. b3
{[%clk 0:11:23]} b5 {[%clk 0:11:00]} 10. Qe2 {[%clk 0:10:54]} dxc4
{[%clk 0:07:04]} 11. bxc4 {[%clk 0:11:00]} b4 {[%clk 0:07:11]} 12. Ne4
{[%clk 0:08:43]} c5 {[%clk 0:07:09]} 13. Bb2 {[%clk 0:08:50]} Bb7
{[%clk 0:05:39]} 14. d5 {[%clk 0:07:29]} a5 {[%clk 0:04:58]} 15. Ng3
{[%clk 0:06:55]} Re8 {[%clk 0:04:01]} 16. e4 {[%clk 0:05:50]} e6 {[%clk 0:03:16]}
17. Qc2 {[%clk 0:05:53]} e5 {[%clk 0:03:14]} 18. a4 {[%clk 0:04:45]} Re7
{[%clk 0:03:16]} 19. Nd2 {[%clk 0:04:43]} Ne8 {[%clk 0:03:22]} 20. Nb3
{[%clk 0:04:33]} Nd6 {[%clk 0:03:27]} 21. Ne2 {[%clk 0:04:33]} Ba6
{[%clk 0:03:22]} 22. g3 {[%clk 0:04:11]} f5 {[%clk 0:03:07]} 23. f3
{[%clk 0:04:16]} Rf7 {[%clk 0:02:38]} 24. Kg2 {[%clk 0:04:22]} Qc7
{[%clk 0:02:04]} 25. Nd2 {[%clk 0:04:15]} Raf8 {[%clk 0:02:02]} 26. exf5
{[%clk 0:03:31]} gxf5 {[%clk 0:01:58]} 27. g4 {[%clk 0:03:38]} Nb6
{[%clk 0:01:27]} 28. Ng3 {[%clk 0:03:32]} e4 {[%clk 0:00:47]} 29. fxe4
{[%clk 0:03:08]} Bxb2 {[%clk 0:00:36]} 30. Qxb2 {[%clk 0:03:05]} fxe4
{[%clk 0:00:43]} 31. Rxf7 {[%clk 0:01:34]} Rxf7 {[%clk 0:00:48]} 32. Ngxe4
{[%clk 0:01:32]} Nbxc4 {[%clk 0:00:25]} 33. Nxc4 {[%clk 0:01:31]} Nxc4
{[%clk 0:00:32]} 34. Qe2 {[%clk 0:01:16]} Qe5 {[%clk 0:00:19]} 35. Rd1
{[%clk 0:00:42]} Nd6 {[%clk 0:00:18]} 36. Nxd6 {[%clk 0:00:19]} Qxe2+
{[%clk 0:00:27]} 37. Bxe2 Bxe2 38. Re1 {[%clk 0:00:35]} Rd7 {[%clk 0:00:38]} 39.
Ne4 {[%clk 0:00:43]} Kg7 {[%clk 0:00:28]} 40. Rxe2 {[%clk 0:00:44]} Rxd5
{[%clk 0:00:37]} 41. Rd2 {[%clk 0:00:49]} Rxd2+ {[%clk 0:00:37]} 42. Nxd2
{[%clk 0:00:58]} Kf6 {[%clk 0:00:39]} 43. Kf3 {[%clk 0:01:07]} Ke5
{[%clk 0:00:47]} 44. Ke3 {[%clk 0:01:16]} Kd5 {[%clk 0:00:56]} 45. Kd3
{[%clk 0:01:23]} b3 {[%clk 0:01:05]} 46. Ke4+ 1-0

[Event "Team Championship Russia (Rapid, Men)"]
[Site "Sochi"]
[Date "2018.10.08"]
[Round "4.23"]
[White "Demidov, Mikhail"]
[Black "Derjabin, Ilja"]
[Result "1/2-1/2"]
[BlackElo "2305"]
[WhiteElo "2595"]
[LiveChessVersion "1.4.8"]

1. Nf3 {[%clk 0:15:18]} c5 {[%clk 0:15:18]} 2. g3 {[%clk 0:15:26]} d5
{[%clk 0:15:28]} 3. Bg2 {[%clk 0:15:34]} Nc6 {[%clk 0:15:37]} 4. d4
{[%clk 0:15:42]} c4 {[%clk 0:13:31]} 5. b3 {[%clk 0:15:43]} cxb3 {[%clk 0:13:39]}
6. axb3 {[%clk 0:15:51]} g6 {[%clk 0:13:40]} 7. O-O {[%clk 0:15:42]} Bg7
{[%clk 0:13:49]} 8. Bb2 {[%clk 0:15:47]} Nf6 {[%clk 0:13:55]} 9. c4
{[%clk 0:15:52]} O-O {[%clk 0:13:53]} 10. Nc3 {[%clk 0:15:52]} Bf5
{[%clk 0:12:51]} 11. Ne5 {[%clk 0:14:51]} Nb4 {[%clk 0:12:51]} 12. Nxd5
{[%clk 0:13:41]} Nfxd5 {[%clk 0:12:24]} 13. e4 {[%clk 0:13:12]} Bxe5
{[%clk 0:11:33]} 14. dxe5 {[%clk 0:12:46]} Ne3 {[%clk 0:11:37]} 15. fxe3
{[%clk 0:12:38]} Qxd1 {[%clk 0:11:36]} 16. Rfxd1 {[%clk 0:12:17]} Bg4
{[%clk 0:11:35]} 17. Rd2 {[%clk 0:12:16]} Rfd8 {[%clk 0:10:52]} 18. Rxd8+
{[%clk 0:11:01]} Rxd8 {[%clk 0:11:00]} 19. h3 {[%clk 0:11:10]} Be6
{[%clk 0:10:24]} 20. Rxa7 {[%clk 0:10:41]} Rd1+ {[%clk 0:10:08]} 21. Kh2
{[%clk 0:10:47]} Nd3 {[%clk 0:10:01]} 22. Ba3 {[%clk 0:09:24]} Ra1
{[%clk 0:09:09]} 23. Ra4 {[%clk 0:07:13]} Ne1 {[%clk 0:05:38]} 24. Bh1
{[%clk 0:06:25]} Ra2+ {[%clk 0:03:55]} 25. Kg1 {[%clk 0:06:33]} Nd3
{[%clk 0:02:58]} 26. Bxe7 {[%clk 0:06:32]} Rxa4 {[%clk 0:03:05]} 27. bxa4
{[%clk 0:06:41]} Nxe5 {[%clk 0:02:56]} 28. c5 {[%clk 0:06:34]} Bb3
{[%clk 0:01:37]} 29. Bd6 {[%clk 0:04:35]} Nc6 {[%clk 0:00:49]} 30. e5
{[%clk 0:04:42]} Bxa4 {[%clk 0:00:48]} 31. Bd5 Nd8 32. Kf2 {[%clk 0:04:31]} Bc6
{[%clk 0:00:48]} 33. Bc4 {[%clk 0:04:29]} Ne6 {[%clk 0:00:56]} 34. Be7
{[%clk 0:04:35]} Be4 {[%clk 0:00:50]} 35. Ke1 {[%clk 0:04:37]} h5
{[%clk 0:00:45]} 36. g4 {[%clk 0:04:09]} hxg4 {[%clk 0:00:36]} 37. hxg4
{[%clk 0:04:18]} Nc7 {[%clk 0:00:45]} 38. Kd2 {[%clk 0:03:55]} Bc6
{[%clk 0:00:51]} 39. Bd6 {[%clk 0:03:49]} Ne6 {[%clk 0:00:50]} 40. Be2
{[%clk 0:03:39]} Ng5 {[%clk 0:00:49]} 41. Kc3 {[%clk 0:03:38]} Kg7
{[%clk 0:00:23]} 42. Be7 {[%clk 0:03:25]} Ne6 {[%clk 0:00:27]} 43. Kb4
{[%clk 0:03:29]} Nc7 {[%clk 0:00:35]} 44. Bf6+ {[%clk 0:03:26]} Kf8
{[%clk 0:00:40]} 45. Kc3 {[%clk 0:02:48]} Ke8 {[%clk 0:00:42]} 46. Bd3
{[%clk 0:02:51]} Kd7 {[%clk 0:00:44]} 47. e4 {[%clk 0:02:57]} Ne6
{[%clk 0:00:48]} 48. Kb4 {[%clk 0:03:01]} Nf4 {[%clk 0:00:55]} 49. Bc2
{[%clk 0:02:47]} Ne6 {[%clk 0:00:59]} 50. Bb1 {[%clk 0:02:38]} Nd4
{[%clk 0:01:04]} 51. Ka5 {[%clk 0:02:21]} Ne6 {[%clk 0:01:05]} 52. Kb6
{[%clk 0:02:27]} Nd4 {[%clk 0:01:14]} 53. Ba2 {[%clk 0:02:21]} Ne6
{[%clk 0:01:22]} 54. Bd5 {[%clk 0:02:30]} Nd4 {[%clk 0:01:25]} 55. Bxf7
{[%clk 0:02:32]} Bxe4 {[%clk 0:01:27]} 56. Bc4 {[%clk 0:02:15]} Ne6
{[%clk 0:01:31]} 57. Bb5+ {[%clk 0:02:16]} Bc6 {[%clk 0:01:37]} 58. Bd3
{[%clk 0:02:25]} Nf4 {[%clk 0:01:40]} 59. Bc2 {[%clk 0:02:16]} Nd5+
{[%clk 0:01:38]} 60. Ka7 {[%clk 0:02:22]} Nf4 {[%clk 0:01:17]} 61. Bg5
{[%clk 0:02:26]} Ne6 {[%clk 0:01:25]} 62. Be3 {[%clk 0:02:35]} Nf8
{[%clk 0:01:06]} 63. Bh6 {[%clk 0:02:30]} Ne6 {[%clk 0:01:04]} 64. Kb6
{[%clk 0:02:37]} g5 {[%clk 0:00:41]} 65. Bf5 {[%clk 0:02:43]} Ke7
{[%clk 0:00:51]} 66. Ka7 {[%clk 0:02:49]} Bd5 {[%clk 0:00:52]} 67. Kb8
{[%clk 0:02:53]} Bc6 {[%clk 0:00:57]} 68. Ka7 {[%clk 0:01:47]} Bd5
{[%clk 0:01:06]} 69. Kb6 {[%clk 0:01:51]} Bc6 {[%clk 0:01:15]} 70. Bc2
{[%clk 0:01:56]} Bd5 {[%clk 0:01:08]} 71. Ba4 {[%clk 0:01:54]} Kf7
{[%clk 0:01:11]} 72. Bd7 {[%clk 0:01:24]} Bf3 {[%clk 0:01:07]} 73. Bc8
{[%clk 0:01:18]} Bd5 {[%clk 0:01:07]} 74. Bxg5 {[%clk 0:01:08]} Nxg5
{[%clk 0:01:04]} 75. Bxb7 {[%clk 0:01:17]} Ke6 {[%clk 0:00:49]} 76. Bxd5+
{[%clk 0:01:23]} Kxd5 {[%clk 0:00:58]} 77. c6 {[%clk 0:01:32]} Ne6
{[%clk 0:01:07]} 78. g5 {[%clk 0:01:21]} Kxe5 {[%clk 0:01:15]} 79. g6
{[%clk 0:01:28]} Kf6 {[%clk 0:01:24]} 80. c7 {[%clk 0:01:27]} Nxc7
{[%clk 0:01:32]} 81. Kxc7 {[%clk 0:01:36]} Kxg6 {[%clk 0:01:41]} 1/2-1/2